| 000 | 01937nam0a2200373 4500 | ||
|---|---|---|---|
| 001 | RU\NLR\bibl\966532 | ||
| 005 | 20260405093404.0 | ||
| 010 |
_a5-7901-0074-0 _91000 |
||
| 021 |
_aRU _b2006-28249 _91405 |
||
| 035 | _a(NLR Aleph) 000954515 | ||
| 090 |
_a300673 _c300673 |
||
| 100 | _a20060711d2005 |||y0rusy50 ca | ||
| 101 | 0 |
_arus _deng _eeng |
|
| 102 | _aRU | ||
| 105 | _aa ||||||||| | ||
| 200 | 1 |
_aМорфогенез метаболических повреждений скелетных мышц _dMorphogenesis of skeletal muscle metabolic lesions _fЛ.М. Непомнящих, М.А. Бакарев _gРос. акад. мед. наук _zeng |
|
| 210 |
_aМосква _cИзд-во РАМН _d2005 |
||
| 215 |
_a351 с. _cил., цв. ил. _d22 |
||
| 300 | _aНа обороте тит. л. авт.: Непомнящих Л.М. - Засл. деят. науки Рос. Федерации, чл.-кор. РАМН и акад. РАЕН. д.м.н., проф., Бакарев М.А. - д.м.н. | ||
| 300 | _aАвт. также на англ. яз.: L.M. Nepomnyashchikh, M.A. Bakarev | ||
| 300 | _aРез. на англ. яз. | ||
| 320 | _aБиблиогр.: с. 306-351 | ||
| 510 | 1 |
_6z45790 _aMorphogenesis of skeletal muscle metabolic lesions _zeng |
|
| 606 | 1 |
_aСкелетные мышцы _xОбмен веществ _xРасстройства _xМорфогенез _92435953 _3RU\NLR\auth\661449533 |
|
| 686 | _aР418.4-2 | ||
| 700 | 1 |
_4070 _8rus _7ca _aНепомнящих _bЛ. М. _f1937- _gЛев Моисеевич _3RU\NLR\auth\7734323 _917327 |
|
| 701 | 1 |
_aБакарев _bМ. А. _gМаксим Александрович _4070 |
|
| 790 | 1 |
_4070 _8rus _7ba _aNepomnjašxich _bL. M. _f1937- _gLev Moiseevič _3RU\NLR\auth\7734324 _917328 |
|
| 790 | 1 |
_6z45 _aBakarev _bM. A. _gMaksim Aleksandrovič _4070 |
|
| 801 | 0 |
_aRU _bNLR _c20060711 _grcr |
|
| 801 | 1 |
_aRU _bNLR _c20060711 |
|
| 942 | _cBOOK | ||
| 980 | _aNB | ||